| 000 | 00377nam a2200145Ia 4500 | ||
|---|---|---|---|
| 008 | 230917s9999||||xx |||||||||||||| ||und|| | ||
| 040 |
_e113951 _aMAIN |
||
| 041 | _aEnglish | ||
| 082 | _a155.5 R137A | ||
| 100 | _aKaur,Rajpal | ||
| 245 | 0 | _aAdolescent Psychology: new trends and innovations | |
| 260 |
_aNew Delhi _bDeep&deep _c2006 |
||
| 300 | _aXiii,380/- p. | ||
| 942 | _cBK | ||
| 999 |
_c139510 _d139510 |
||